000 00496nam a2200193Ia 4500
003 GCL
008 140319s9999 xx 000 0 eng d
040 _aGCL /
_cGCL
082 0 4 _a541.3414
_bQ P
100 1 _aMESPLEDE, J
245 1 0 _aPRECIS DE PHYSIQUE: OPTIQUE, MPSI, PCSI, PTST /
_cMESPLEDE, J
700 1 _aQUEYREL, J.L
260 _a[S.N] :
_bBREAL ،
_c1995
300 _a203 P
650 0 4 _aOPTICAL PHYSICS
650 0 4 _aPHYSICS
650 0 4 _aPHYSICAL CHEMISTRY
942 _2ddc
_cBK
999 _c16062
_d16062